000 00556nam a2200157 i 4500
001 78443
003 ES-MaACL
005 20230906173713.0
007 t|
008 041014s1920 ve ||||1| spa d
100 1 _aHaring, Clarence Henry.
_961848
245 1 3 _aLa producción americana de oro y plata en la primera mitad del siglo XVI /
_cClarence Henry Haring ; traducción del inglés hecha especialmente para el Boletín de la Cámara de Comercio de Caracas.
260 _aCaracas :
_b[s.n.,
_c1920]
300 _a63 p.
852 _aES-MaACL
_j1663-F-18
999 _c78443
_d78443